000 00483nam a2200157Ia 4500
008 151213s9999 xx 000 0 und d
082 _a310.5492
_b310.5492
100 _aBangladesh Bureou of Statistics
245 _aWage Rate and Earnings Of Non - Farm Workers
_cBangladesh Bureou of Statistics
260 _aDhaka
_bB B S
_c2008
300 _a6371 p.
650 _aReference
650 _aStatistics Report : Reference
700 _aBangladesh Bureou of Statistics
999 _c3505
_d3505